Základné zásady personálnej práce

Ciele a význam personalistiky. Personálne činnosti. Personálna administratíva. Personálna štatistika. Predpoklady pracovníkov v oblasti personálnej práce. Plánovanie, vyhľadávanie, výber pracovníkov. Životopis a dotazník. Výberový pohovor. Starostlivosť o pracovníkov. Adaptačný proces. Pracovné hodn...

Descripción completa

Guardado en:
Detalles Bibliográficos
Autor principal: Turská, R.
Formato: Capítulo de libro
Lenguaje:eslovaco
Materias:
Etiquetas: Agregar Etiqueta
Sin Etiquetas, Sea el primero en etiquetar este registro!

MARC

LEADER 00000naa a2200000 4500
001 r026332
005 20230919070812.4
041 0 |a slo 
044 |a SK 
245 1 0 |a Základné zásady personálnej práce  |c R. Turská 
520 |a Ciele a význam personalistiky. Personálne činnosti. Personálna administratíva. Personálna štatistika. Predpoklady pracovníkov v oblasti personálnej práce. Plánovanie, vyhľadávanie, výber pracovníkov. Životopis a dotazník. Výberový pohovor. Starostlivosť o pracovníkov. Adaptačný proces. Pracovné hodnotenie. Rozvoj ľudských zdrojov. Vzdelávanie pracovníkov. Rozvoj osobnosti. Programy ďalšieho rozvoja osobnosti. 
610 2 0 |a personalistika 
610 2 0 |a práca personálna 
610 2 0 |a agenda osobná 
610 2 0 |a výber pracovníkov 
610 2 0 |a prijímanie pracovníkov 
610 2 0 |a adaptácia 
610 2 0 |a hodnotenie pracovné 
610 2 0 |a rozvoj pracovníkov 
100 1 |a Turská, R.